[Event "Marburg op"]
[Site "Marburg"]
[Date "2024.10.25"]
[Round "2"]
[White "Meyer Jany, Marcel"]
[Black "Montermann, Klaus"]
[Result "1/2-1/2"]
[WhiteElo "1823"]
[BlackElo "2016"]
[PlyCount "52"]
[EventDate "2024.10.24"]
[EventType "swiss"]
[EventRounds "7"]
[EventCountry "GER"]
[SourceTitle "CB16_2025"]
[SourceDate "2025.04.16"]
[SourceVersion "1"]
[SourceVersionDate "2025.04.16"]
[SourceQuality "1"]

1. d4 d5 2. c4 e5 3. dxe5 d4 4. Nf3 Nc6 5. a3 Nge7 6. b4 Ng6 7. Bb2 Ncxe5 8. Nxe5 Nxe5 9. Qxd4 Qxd4 10. Bxd4 Nxc4 11. e3 Be6 12. Be2 a5 13. b5 f6 14. 0-0 Bd6 15. Rc1 Ne5 16. Nd2 Ke7 17. Ne4 Rhc8 18. f4 Nd7 19. Bf3 c6 20. Nxd6 Kxd6 21. bxc6 bxc6 22. Rab1 a4 23. Rc3 Ra5 24. e4 c5 25. Be3 Bb3 26. Rd3+ Kc7 1/2-1/2

[Event "Wiesbaden op 32nd"]
[Site "Wiesbaden"]
[Date "2023.08.26"]
[Round "4"]
[White "Pioch, Thomas"]
[Black "Meyer Jany, Marcel"]
[Result "1-0"]
[WhiteElo "2022"]
[BlackElo "1743"]
[PlyCount "79"]
[EventDate "2023.08.24"]
[EventType "swiss"]
[EventRounds "7"]
[EventCountry "GER"]
[SourceTitle "CBM 216 Extra"]
[Source "ChessBase"]
[SourceDate "2023.11.30"]
[SourceVersion "1"]
[SourceVersionDate "2023.11.30"]
[SourceQuality "1"]

1. Nf3 d5 2. g3 Nf6 3. Bg2 Bf5 4. d3 e6 5. 0-0 Be7 6. Nbd2 h6 7. c4 c6 8. b3 0-0 9. Bb2 Bh7 10. Qc2 a5 11. a3 Nbd7 12. Rac1 Rc8 13. Qb1 Bd6 14. Qa1 Qe7 15. d4 b5 16. Ne5 b4 17. a4 Nb8 18. Nd3 Bxd3 19. exd3 Nbd7 20. Rce1 Nh7 21. f4 g5 22. Qd1 gxf4 23. gxf4 Qh4 24. Qf3 Kh8 25. Qh3 Qxh3 26. Bxh3 Rg8+ 27. Kh1 Ndf6 28. f5 Ng5 29. fxe6 Nxh3 30. Rxf6 Kh7 31. Rxf7+ Rg7 32. Rxg7+ Kxg7 33. Rf1 Nf4 34. Ne4 dxe4 35. d5+ Kg6 36. dxe4 cxd5 37. e5 dxc4 38. exd6 c3 39. d7 Rf8 40. e7 1-0

[Event "Wiesbaden op 32nd"]
[Site "Wiesbaden"]
[Date "2023.08.25"]
[Round "2"]
[White "Will, Elina"]
[Black "Meyer Jany, Marcel"]
[Result "1/2-1/2"]
[WhiteElo "1295"]
[BlackElo "1743"]
[PlyCount "124"]
[EventDate "2023.08.24"]
[EventType "swiss"]
[EventRounds "7"]
[EventCountry "GER"]
[SourceTitle "CBM 216 Extra"]
[Source "ChessBase"]
[SourceDate "2023.11.30"]
[SourceVersion "1"]
[SourceVersionDate "2023.11.30"]
[SourceQuality "1"]

1. e4 c6 2. d4 d5 3. Nc3 dxe4 4. Nxe4 Bf5 5. Ng3 Bg6 6. Nf3 Nd7 7. Bc4 e6 8. Bf4 Qa5+ 9. c3 Ngf6 10. Nh4 Nd5 11. Nxg6 hxg6 12. Bd2 Bd6 13. Qf3 N7f6 14. Bb3 Qc7 15. h3 Bxg3 16. fxg3 Nh5 17. g4 Qg3+ 18. Qxg3 Nxg3 19. Rg1 Ne4 20. 0-0-0 Nxd2 21. Rxd2 0-0-0 22. Rf2 Rd7 23. Rgf1 Rf8 24. Re1 Re8 25. Ref1 Rf8 26. Re1 Re7 27. Bxd5 cxd5 28. Kc2 g5 29. Re5 Rfe8 30. Rxg5 f6 31. Rh5 e5 32. Kd3 Kc7 33. Rhf5 Kd6 34. g5 exd4 35. cxd4 Re3+ 36. Kd2 fxg5 37. Rxg5 R3e4 38. Rg6+ R8e6 39. Rxe6+ Kxe6 40. Kd3 Rh4 41. Re2+ Kd6 42. Rf2 Ke6 43. Rf8 g5 44. Rg8 Kf6 45. Ke3 Re4+ 46. Kd3 Re1 47. Rf8+ Kg6 48. Rf2 b5 49. Re2 Rd1+ 50. Kc3 a5 51. Rd2 b4+ 52. Kc2 Ra1 53. Kb3 Kh5 54. a3 bxa3 55. bxa3 Kh4 56. Re2 Rd1 57. Kc3 Ra1 58. Kb2 Rd1 59. Kc3 Ra1 60. Kb2 Rg1 61. Kb3 Rd1 62. Kc3 Ra1 1/2-1/2

[Event "Heusenstamm Sparkassen op 8th"]
[Site "Heusenstamm"]
[Date "2022.11.19"]
[Round "4"]
[White "Minor, Dieter"]
[Black "Meyer Jany, Marcel"]
[Result "0-1"]
[WhiteElo "1817"]
[BlackElo "1766"]
[PlyCount "80"]
[EventDate "2022.11.17"]
[EventType "swiss"]
[EventRounds "7"]
[EventCountry "GER"]
[SourceTitle "CBM 212 Extra"]
[Source "ChessBase"]
[SourceDate "2023.03.31"]
[SourceVersion "1"]
[SourceVersionDate "2023.03.31"]
[SourceQuality "1"]

1. d4 d5 2. Nf3 Nf6 3. Bf4 c5 4. e3 Nc6 5. c3 Qb6 6. b3 Bf5 7. Be2 e6 8. 0-0 h6 9. h3 Be7 10. Ne5 0-0 11. Bd3 Bxd3 12. Qxd3 Rac8 13. Nd2 Rfd8 14. Nxc6 Rxc6 15. Nf3 cxd4 16. cxd4 Rdc8 17. Ne5 Rc3 18. Qd1 Qa5 19. Qf3 Rc2 20. g4 Rxa2 21. Rac1 Rxc1 22. Rxc1 Ra1 23. Rxa1 Qxa1+ 24. Kg2 Qb1 25. h4 Qe4 26. g5 hxg5 27. Bxg5 Qxf3+ 28. Nxf3 Kf8 29. Bxf6 Bxf6 30. h5 a5 31. Kf1 Kg8 32. Kg2 Kh7 33. Kg3 Kh6 34. Kg4 b5 35. Nd2 a4 36. bxa4 bxa4 37. Nb1 Be7 38. Nc3 a3 39. Na2 f5+ 40. Kf4 Bd6+ 0-1

[Event "Heusenstamm Sparkassen op-A 7th"]
[Site "Heusenstamm"]
[Date "2021.11.18"]
[Round "1.65"]
[White "Kuepper, Martin"]
[Black "Meyer Jany, Marcel"]
[Result "1-0"]
[WhiteElo "2013"]
[BlackElo "1728"]
[PlyCount "25"]
[EventDate "2021.11.18"]
[EventType "swiss"]
[EventRounds "7"]
[EventCountry "GER"]
[SourceTitle "EXT 2023"]
[Source "ChessBase"]
[SourceDate "2022.10.05"]
[SourceVersion "1"]
[SourceVersionDate "2022.10.05"]
[SourceQuality "1"]

1. Nf3 Nf6 2. c4 c6 3. Nc3 d5 4. e3 e6 5. b3 Bd6 6. Bb2 0-0 7. Be2 Nbd7 8. Qc2 Re8 9. Rg1 e5 10. cxd5 cxd5 11. Nb5 Bb8 12. Rc1 Re6 13. Qxc8 1-0

[Event "Staufer op 32nd"]
[Site "Schwaebisch Gmuend"]
[Date "2020.01.04"]
[Round "5"]
[White "Meyer Jany, Marcel"]
[Black "Fruehsorger, Dieter"]
[Result "0-1"]
[WhiteElo "1729"]
[BlackElo "1983"]
[PlyCount "56"]
[EventDate "2020.01.02"]
[EventType "swiss"]
[EventRounds "9"]
[EventCountry "GER"]
[SourceTitle "EXT 2021"]
[Source "ChessBase"]
[SourceDate "2020.10.23"]
[SourceVersion "1"]
[SourceVersionDate "2020.10.23"]
[SourceQuality "1"]

1. d4 d5 2. c4 e6 3. Nc3 Nf6 4. cxd5 exd5 5. Bg5 Nbd7 6. e3 Be7 7. Qc2 0-0 8. Bd3 h6 9. Bh4 c5 10. Nf3 b6 11. 0-0 Bb7 12. a4 Rc8 13. Qe2 Re8 14. Ba6 Bxa6 15. Qxa6 Nb8 16. Qd3 Ne4 17. Bxe7 Rxe7 18. Ne5 cxd4 19. exd4 Nc6 20. Rac1 Nxe5 21. dxe5 Nxc3 22. Rxc3 Rxe5 23. f4 Rxc3 24. bxc3 Re4 25. a5 bxa5 26. Rd1 Qb6+ 27. Kh1 Qf2 28. Rf1 Re1 0-1

[Event "Heusenstamm Sparkassen op-B 6th"]
[Site "Heusenstamm"]
[Date "2019.11.24"]
[Round "6"]
[White "Kirchner, Stefan2"]
[Black "Meyer Jany, Marcel"]
[Result "1-0"]
[WhiteElo "1575"]
[BlackElo "1777"]
[PlyCount "113"]
[EventDate "2019.11.21"]
[EventType "swiss"]
[EventRounds "7"]
[EventCountry "GER"]
[SourceTitle "CBM 194 Extra"]
[Source "ChessBase"]
[SourceDate "2020.03.31"]
[SourceVersion "1"]
[SourceVersionDate "2020.03.31"]
[SourceQuality "1"]

1. e4 c6 2. Nc3 d5 3. Nf3 dxe4 4. Nxe4 Bg4 5. Be2 Nd7 6. h3 Bh5 7. Ng3 Bg6 8. Nh4 e6 9. Nxg6 hxg6 10. d4 Ngf6 11. b3 Bd6 12. Bb2 Qc7 13. Qd3 Bxg3 14. Qxg3 Qxg3 15. fxg3 Ne4 16. g4 Ng3 17. Rg1 Nxe2 18. Kxe2 g5 19. Rae1 Nf6 20. Bc1 Nd5 21. Bxg5 0-0 22. c4 Nc3+ 23. Kd3 Nxa2 24. Bd2 a5 25. Ra1 Nb4+ 26. Bxb4 axb4 27. Ra4 Rxa4 28. bxa4 Ra8 29. Ra1 Rd8 30. Ke4 Ra8 31. Kd3 Rd8 32. Ke4 Ra8 33. c5 Ra5 34. Kd3 e5 35. Kc4 exd4 36. Kxb4 Ra8 37. Kc4 Rd8 38. Rd1 Ra8 39. Kb4 Rd8 40. Ka5 Kf8 41. Kb6 Rd7 42. a5 Ke7 43. a6 bxa6 44. Kxa6 Ke6 45. Kb6 Kd5 46. Rf1 g6 47. h4 d3 48. h5 d2 49. h6 f5 50. g5 Rd8 51. Rd1 Rb8+ 52. Kc7 Rb4 53. Rxd2+ Kxc5 54. Rd6 Rg4 55. Rxc6+ Kd5 56. Rxg6 Rxg2 57. h7 1-0